| 000 | 01037nam a22002417i 4500 | ||
|---|---|---|---|
| 999 |
_c23638 _d23638 |
||
| 003 | AR-CdUCM | ||
| 008 | 260424b20242024 pe||||| |||| 00| 0 spa d | ||
| 020 | _a978-9972-51-124-0 | ||
| 040 |
_aMUNICIPALIDAD PROVINCIAL DEL CUSCO _cBIBLIOTECA MUNICIPAL DEL CUSCO |
||
| 041 | _hspa | ||
| 082 |
_23°ed. 9° reimpresión: _a301.115 _bC85 |
||
| 100 |
_aCotler, Julio _94661 |
||
| 245 | _aClases, Estado y Nación en el Perú / | ||
| 260 |
_aLima-Perú: _bIEP Instituto de Estudios Peruanos/Julio Cotler _c2024 |
||
| 300 |
_a359 páginas. : _c23x16 cm. |
||
| 500 | _zPáginas: 341-359 | ||
| 505 | _aLa herencia Colonial -- Desintegración política -- La formación capitalista dependiente -- Legui. consolidación de la dominación imperialista -- La crisis de 1930 y el desarrollo orgánico de la lucha de clases -- Crisis de la dominación oligárquica | ||
| 650 |
_aHerencia colonial _952700 |
||
| 650 |
_aLucha de clases _952701 |
||
| 650 |
_aPenetración imperialista _952702 |
||
| 942 |
_2ddc _cLIBROS |
||
| 945 |
_apbjr _d24-04-2026 |
||